00617 a2200205 4500010001500000020002700015035001400042037000900056082001000065245006000075260004300135270006600178300002800244650002300272700002200295700002700317700002100344700002400365700002200389 aENG-144134 a9788195782970c1500.00 aEN-127666 bDBAD a516.3 aArithmetic Geometry/cEdited by N. Fakhruddin...[et.al] aNew DelhibHindustan Book Agencyc2024 aP 19, Green Park Ext.bNew DelhicDelhie110016mhba@vsnl.com axviii,480p. ;c24cm(Hb) aMatricesxDefinite aGhate, E.eEditor aFakhruddin, N.eEditor aNair, A.eEditor aRajan, C.S.eEditor aVarma, S.eEditor